[Event "Rhein Main op-B 24th"]
[Site "Bad Homburg"]
[Date "2022.06.19"]
[Round "7"]
[White "Akin, Deniz"]
[Black "Herrmann, Gerhard"]
[Result "0-1"]
[WhiteElo "1074"]
[BlackElo "1543"]
[PlyCount "20"]
[EventDate "2022.06.15"]
[EventType "swiss"]
[EventRounds "7"]
[EventCountry "GER"]
[SourceTitle "EXT 2023"]
[Source "ChessBase"]
[SourceDate "2022.10.05"]
[SourceVersion "1"]
[SourceVersionDate "2022.10.05"]
[SourceQuality "1"]

1. e4 d5 2. exd5 Nf6 3. c4 c6 4. dxc6 Nxc6 5. b3 e5 6. Bb2 Bc5 7. Nc3 Bf5 8. Nge2 Ng4 9. Ng3 Bxf2+ 10. Ke2 Nd4# 0-1

[Event "Heusenstamm Sparkassen op-B 7th"]
[Site "Heusenstamm"]
[Date "2021.11.21"]
[Round "6.31"]
[White "Brunner, Andreas"]
[Black "Herrmann, Gerhard"]
[Result "0-1"]
[WhiteElo "1435"]
[BlackElo "1555"]
[PlyCount "96"]
[EventDate "2021.11.18"]
[EventType "swiss"]
[EventRounds "7"]
[EventCountry "GER"]
[SourceTitle "EXT 2023"]
[Source "ChessBase"]
[SourceDate "2022.10.05"]
[SourceVersion "1"]
[SourceVersionDate "2022.10.05"]
[SourceQuality "1"]

1. Nf3 d5 2. c4 d4 3. e3 c5 4. g3 dxe3 5. dxe3 Qxd1+ 6. Kxd1 Bg4 7. Bg2 Nc6 8. h3 Bd7 9. a3 Nf6 10. Nc3 e6 11. Ke2 Be7 12. Rd1 0-0 13. b3 Na5 14. Rb1 Rab8 15. Nb5 a6 16. Ne5 Bxb5 17. cxb5 axb5 18. Nd7 Nxd7 19. Rxd7 Bf6 20. a4 b4 21. Be4 Rfd8 22. Rxd8+ Rxd8 23. Bd3 Bc3 24. Bd2 Bxd2 25. Kxd2 e5 26. Ke2 g6 27. Bc2 Kf8 28. Rd1 Rxd1 29. Kxd1 Ke7 30. e4 Ke6 31. Bd3 f5 32. Kc2 f4 33. g4 Kf6 34. h4 g5 35. hxg5+ Kxg5 36. Be2 h6 37. f3 h5 38. gxh5 Kxh5 39. Bb5 Kh4 40. Bd7 Kg3 41. Bg4 Nc6 42. Kd3 Nd4 43. Bc8 b6 44. Kc4 Kxf3 45. Kd5 Nxb3 46. Kxe5 Nd4 47. Kd5 b3 48. e5 b2 0-1

[Event "Wiesbaden op 31st"]
[Site "Wiesbaden"]
[Date "2019.08.24"]
[Round "4"]
[White "Herrmann, Gerhard"]
[Black "Vick, Edward"]
[Result "1-0"]
[WhiteElo "1554"]
[BlackElo "1238"]
[PlyCount "37"]
[EventDate "2019.08.22"]
[EventType "swiss"]
[EventRounds "7"]
[EventCountry "GER"]
[SourceTitle "EXT 2020"]
[Source "ChessBase"]
[SourceDate "2019.10.17"]
[SourceVersion "1"]
[SourceVersionDate "2019.10.17"]
[SourceQuality "1"]

1. e4 e5 2. Nf3 Nc6 3. Bb5 Nf6 4. 0-0 a6 5. Ba4 Bc5 6. c3 b5 7. Bc2 d6 8. h3 Bb6 9. d4 0-0 10. Be3 Bb7 11. d5 Ne7 12. Bxb6 cxb6 13. Nbd2 Nd7 14. Re1 f5 15. exf5 Nxf5 16. Ne4 Ne7 17. Nxd6 Bxd5 18. Qd3 Nc5 19. Qxh7# 1-0

[Event "Main Vogelsberg op 14th"]
[Site "Waechtersbach"]
[Date "2019.06.08"]
[Round "2"]
[White "Herrmann, Gerhard"]
[Black "Kaufmann, Helmut1111"]
[Result "1-0"]
[WhiteElo "1536"]
[BlackElo "1656"]
[PlyCount "85"]
[EventDate "2019.06.07"]
[EventType "swiss"]
[EventRounds "7"]
[EventCountry "GER"]
[SourceTitle "CBM 190 Extra"]
[Source "ChessBase"]
[SourceDate "2019.07.15"]
[SourceVersion "1"]
[SourceVersionDate "2019.07.15"]
[SourceQuality "1"]

1. e4 d6 2. d4 Nf6 3. Nc3 g6 4. h3 Bg7 5. Nf3 c6 6. Be2 0-0 7. 0-0 Nbd7 8. Be3 Qc7 9. Qd2 b5 10. b4 Bb7 11. Bd3 a6 12. Ne2 c5 13. bxc5 dxc5 14. c3 Nxe4 15. Bxe4 Bxe4 16. Ng5 Bb7 17. a4 h6 18. Nf3 Bxf3 19. gxf3 Kh7 20. Ng3 f5 21. f4 Rad8 22. axb5 axb5 23. Rac1 e5 24. Ne2 exf4 25. Nxf4 Rfe8 26. f3 Ne5 27. Qg2 Nc4 28. Qxg6+ Kh8 29. Nd5 Rxd5 30. Qxe8+ Kh7 31. Bf2 cxd4 32. cxd4 Bxd4 33. Kh1 Re5 34. Qh5 Re2 35. Qxf5+ Kh8 36. Rc2 Rxf2 37. Rfxf2 Bxf2 38. Rxf2 Ne3 39. Qb1 Qg3 40. Qg1 Qxh3+ 41. Qh2 Nd1 42. Rg2 Qe6 43. Qb8+ 1-0

[Event "Hofheim Spring op-B 7th"]
[Site "Hofheim"]
[Date "2019.04.27"]
[Round "9"]
[White "Herrmann, Gerhard"]
[Black "Klein, Gernot"]
[Result "0-1"]
[WhiteElo "1571"]
[BlackElo "1871"]
[PlyCount "66"]
[EventDate "2019.04.23"]
[EventType "swiss"]
[EventRounds "9"]
[EventCountry "GER"]
[SourceTitle "CBM 190 Extra"]
[Source "ChessBase"]
[SourceDate "2019.07.15"]
[SourceVersion "1"]
[SourceVersionDate "2019.07.15"]
[SourceQuality "1"]

1. e4 c5 2. Nf3 e6 3. c3 d5 4. exd5 Qxd5 5. d4 Nf6 6. Bb5+ Bd7 7. Bxd7+ Nbxd7 8. 0-0 Be7 9. Be3 0-0 10. Nbd2 Ng4 11. c4 Nxe3 12. fxe3 Qd6 13. Ne4 Qc6 14. d5 exd5 15. cxd5 Qh6 16. Qe2 Rfe8 17. Nc3 a6 18. e4 Bd6 19. a4 Ne5 20. Nxe5 Bxe5 21. g3 Rad8 22. Qf3 Re7 23. Rad1 Rd6 24. Qf5 Qe3+ 25. Kh1 g6 26. Qc8+ Kg7 27. Rfe1 Qf3+ 28. Kg1 Bd4+ 29. Rxd4 cxd4 30. Ne2 Qxe4 31. Qc5 Rxd5 32. Qc1 Rde5 33. Qd2 Qe3+ 0-1

[Event "Hofheim Spring op-B 7th"]
[Site "Hofheim"]
[Date "2019.04.25"]
[Round "5"]
[White "Mueller, Aloys"]
[Black "Herrmann, Gerhard"]
[Result "1/2-1/2"]
[WhiteElo "1773"]
[BlackElo "1571"]
[PlyCount "54"]
[EventDate "2019.04.23"]
[EventType "swiss"]
[EventRounds "9"]
[EventCountry "GER"]
[SourceTitle "CBM 190 Extra"]
[Source "ChessBase"]
[SourceDate "2019.07.15"]
[SourceVersion "1"]
[SourceVersionDate "2019.07.15"]
[SourceQuality "1"]

1. e4 d5 2. exd5 Nf6 3. Bb5+ Bd7 4. Bc4 Bg4 5. f3 Bf5 6. Nc3 c6 7. dxc6 Nxc6 8. Nge2 e6 9. d3 Bc5 10. Ng3 Bg6 11. Bg5 h6 12. Bxf6 Qxf6 13. Nce4 Qe7 14. Nxc5 Qxc5 15. Qe2 Nd4 16. Qf2 Qe5+ 17. Kd2 Qf4+ 18. Kd1 b5 19. Bb3 a5 20. c3 Nxb3 21. axb3 Bxd3 22. Re1 0-0 23. Qe3 Qd6 24. Kc1 Bg6 25. Rd1 Qc6 26. Ne4 b4 27. c4 Qc7 1/2-1/2

[Event "Hofheim Spring op-B 7th"]
[Site "Hofheim"]
[Date "2019.04.24"]
[Round "2"]
[White "Cichon, Joerg"]
[Black "Herrmann, Gerhard"]
[Result "1-0"]
[WhiteElo "1754"]
[BlackElo "1571"]
[PlyCount "55"]
[EventDate "2019.04.23"]
[EventType "swiss"]
[EventRounds "9"]
[EventCountry "GER"]
[SourceTitle "CBM 190 Extra"]
[Source "ChessBase"]
[SourceDate "2019.07.15"]
[SourceVersion "1"]
[SourceVersionDate "2019.07.15"]
[SourceQuality "1"]

1. e4 d5 2. exd5 Nf6 3. Nf3 Nxd5 4. g3 Bg4 5. Bg2 e6 6. d3 Bd6 7. Nbd2 0-0 8. 0-0 Nd7 9. Nc4 Ne5 10. Ncxe5 Bxe5 11. h3 Bxf3 12. Bxf3 c6 13. Qe2 Bd6 14. Bd2 Qb6 15. c4 Ne7 16. Bc3 Bxg3 17. Kh1 Bh4 18. Rg1 Nf5 19. Rxg7+ Nxg7 20. Rg1 f6 21. Qxe6+ Kh8 22. Qd7 Rg8 23. Qg4 Bxf2 24. Rg2 Bc5 25. Bxf6 Bf8 26. Be4 c5 27. Qh5 Qxf6 28. Qxh7# 1-0

[Event "Hofheim Spring op-B 7th"]
[Site "Hofheim"]
[Date "2019.04.24"]
[Round "3"]
[White "Herrmann, Gerhard"]
[Black "Hofmann, Werner2222"]
[Result "0-1"]
[WhiteElo "1571"]
[BlackElo "1696"]
[PlyCount "82"]
[EventDate "2019.04.23"]
[EventType "swiss"]
[EventRounds "9"]
[EventCountry "GER"]
[SourceTitle "CBM 190 Extra"]
[Source "ChessBase"]
[SourceDate "2019.07.15"]
[SourceVersion "1"]
[SourceVersionDate "2019.07.15"]
[SourceQuality "1"]

1. e4 c6 2. d4 d5 3. e5 Bf5 4. Nf3 Qb6 5. Be2 e6 6. 0-0 c5 7. c3 Nc6 8. b3 Bg6 9. Be3 cxd4 10. cxd4 Nb4 11. Nc3 a6 12. Na4 Qd8 13. Bd2 Bc2 14. Qe1 Nd3 15. Bxd3 Bxd3 16. Ba5 Qe7 17. Qc3 Bxf1 18. Kxf1 f5 19. Rc1 Kf7 20. Qc7 Kg6 21. Qc3 h6 22. Qd3 Qa3 23. Nh4+ Kh7 24. Rc2 Qe7 25. g3 Qe8 26. Rc7 Qb5 27. Qxb5 axb5 28. Nc5 Bxc5 29. b4 Bxd4 30. Rxb7 Bxe5 31. Rxb5 Nf6 32. Nf3 Rab8 33. Rc5 Bd6 34. Rc6 Bxb4 35. Bxb4 Rxb4 36. Rxe6 Re8 37. Ra6 Rb1+ 38. Kg2 Rb2 39. a4 Ree2 40. Nd4 Rxf2+ 41. Kh3 Rxh2# 0-1

[Event "Eschborn op"]
[Site "Eschborn"]
[Date "2018.10.07"]
[Round "5"]
[White "Brueckner, Alexander"]
[Black "Herrmann, Gerhard"]
[Result "1-0"]
[WhiteElo "1827"]
[BlackElo "1408"]
[PlyCount "61"]
[EventDate "2018.10.05"]
[EventType "swiss"]
[EventRounds "5"]
[EventCountry "GER"]
[SourceTitle "CBM 187 Extra"]
[Source "ChessBase"]
[SourceDate "2018.11.04"]
[SourceVersion "1"]
[SourceVersionDate "2018.11.04"]
[SourceQuality "1"]

1. e4 d5 2. exd5 Nf6 3. Nc3 Nxd5 4. Nf3 Bg4 5. Be2 Nc6 6. h3 Bxf3 7. Bxf3 e6 8. 0-0 Be7 9. Nxd5 exd5 10. d4 0-0 11. c3 Na5 12. Qc2 c6 13. b3 Re8 14. Bd2 Bg5 15. Rfe1 Bxd2 16. Qxd2 b6 17. Rxe8+ Qxe8 18. Re1 Qd8 19. Qe3 g6 20. Qe5 Nb7 21. c4 dxc4 22. Bxc6 Qc8 23. Qd5 Qc7 24. Bxb7 Rb8 25. Bc6 cxb3 26. axb3 Rc8 27. Qd7 Qxc6 28. Re8+ Kg7 29. Qxc8 Qd5 30. Qd8 Qxb3 31. Rg8+ 1-0

[Event "Wiesbaden op 30th"]
[Site "Wiesbaden"]
[Date "2018.08.24"]
[Round "2"]
[White "Herrmann, Gerhard"]
[Black "Zachary, Bastian"]
[Result "0-1"]
[WhiteElo "1575"]
[BlackElo "1860"]
[PlyCount "50"]
[EventDate "2018.08.23"]
[EventType "swiss"]
[EventRounds "7"]
[EventCountry "GER"]
[SourceTitle "CBM 186 Extra"]
[Source "ChessBase"]
[SourceDate "2018.08.24"]
[SourceVersion "1"]
[SourceVersionDate "2018.08.24"]
[SourceQuality "1"]

1. e4 e5 2. Nf3 Nc6 3. Bb5 a6 4. Ba4 Nf6 5. 0-0 b5 6. Bb3 Bc5 7. c3 d6 8. d4 Bb6 9. Re1 Bg4 10. d5 Ne7 11. h3 Bd7 12. Bc2 Ng6 13. Be3 0-0 14. Bxb6 cxb6 15. Nbd2 Nf4 16. Kh2 h6 17. Ng1 Ng4+ 18. hxg4 Qh4+ 19. Nh3 Bxg4 20. Nf3 Qh5 21. Kg1 Nxh3+ 22. Kf1 Nf4 23. Qd2 Bxf3 24. Kg1 Qg4 25. g3 Qh3 0-1

[Event "Wiesbaden op 30th"]
[Site "Wiesbaden"]
[Date "2018.08.23"]
[Round "1"]
[White "Kuerschner, Matthias"]
[Black "Herrmann, Gerhard"]
[Result "1-0"]
[WhiteElo "1995"]
[BlackElo "1575"]
[PlyCount "59"]
[EventDate "2018.08.23"]
[EventType "swiss"]
[EventRounds "7"]
[EventCountry "GER"]
[SourceTitle "CBM 186 Extra"]
[Source "ChessBase"]
[SourceDate "2018.08.24"]
[SourceVersion "1"]
[SourceVersionDate "2018.08.24"]
[SourceQuality "1"]

1. e4 d5 2. exd5 Nf6 3. Bb5+ Bd7 4. Bc4 Bg4 5. f3 Bf5 6. Nc3 a6 7. a4 Nbd7 8. a5 b6 9. axb6 Nxb6 10. Bxa6 Nfxd5 11. Bb5+ Bd7 12. Bxd7+ Nxd7 13. Rxa8 Qxa8 14. Nge2 e5 15. 0-0 Bd6 16. Ne4 0-0 17. d4 f6 18. c4 Nb4 19. Qb3 Qa2 20. Qc3 c5 21. Nxd6 Na6 22. dxe5 Nxe5 23. Bf4 Nb8 24. Bxe5 fxe5 25. Qxe5 Nd7 26. Qe6+ Kh8 27. Nf7+ Kg8 28. Nh6+ Kh8 29. Qg8+ Rxg8 30. Nf7# 1-0

[Event "Hofheim Spring op-B 6th"]
[Site "Hofheim"]
[Date "2018.04.07"]
[Round "9"]
[White "Spreer, Lutz"]
[Black "Herrmann, Gerhard"]
[Result "1-0"]
[WhiteElo "1679"]
[BlackElo "1580"]
[PlyCount "45"]
[EventDate "2018.04.03"]
[EventType "swiss"]
[EventRounds "9"]
[EventCountry "GER"]
[SourceTitle "EXT 2020"]
[Source "ChessBase"]
[SourceDate "2019.10.17"]
[SourceVersion "1"]
[SourceVersionDate "2019.10.17"]
[SourceQuality "1"]

1. e4 d5 2. Nf3 dxe4 3. Ng5 Nf6 4. d3 exd3 5. Bxd3 h6 6. Nxf7 Kxf7 7. Bg6+ Kxg6 8. Qxd8 Bd7 9. Qxc7 Bc6 10. Nc3 Nbd7 11. Qg3+ Kh7 12. h4 e5 13. h5 Kg8 14. Be3 Kf7 15. Qg6+ Ke6 16. 0-0-0 Rg8 17. f4 exf4 18. Bxf4 Ke7 19. Bc7 Nd5 20. Rhe1+ Ne3 21. Rxe3+ Be4 22. Rxe4+ Ne5 23. Rxe5# 1-0

[Event "Hofheim Spring op-B 6th"]
[Site "Hofheim"]
[Date "2018.04.04"]
[Round "2"]
[White "Arnold, Michael"]
[Black "Herrmann, Gerhard"]
[Result "1-0"]
[WhiteElo "1728"]
[BlackElo "1580"]
[PlyCount "67"]
[EventDate "2018.04.03"]
[EventType "swiss"]
[EventRounds "9"]
[EventCountry "GER"]
[SourceTitle "EXT 2020"]
[Source "ChessBase"]
[SourceDate "2019.10.17"]
[SourceVersion "1"]
[SourceVersionDate "2019.10.17"]
[SourceQuality "1"]

1. d4 Nf6 2. Nf3 e6 3. e3 Be7 4. Bd3 d5 5. Nbd2 b6 6. c3 0-0 7. Ne5 c5 8. g4 Nfd7 9. Qf3 Nxe5 10. dxe5 Nd7 11. Qh3 h6 12. Nf3 Bb7 13. Rg1 d4 14. g5 Bxf3 15. gxh6 g6 16. Qxf3 Nxe5 17. Qe4 Nxd3+ 18. Qxd3 dxc3 19. Rxg6+ Kh8 20. Qxc3+ f6 21. Bd2 Rg8 22. Qc2 Rxg6 23. Qxg6 Qg8 24. Qg3 Qf7 25. 0-0-0 Rg8 26. Qc7 Ra8 27. Rg1 Qe8 28. Rg7 Bf8 29. Bc3 e5 30. f4 exf4 31. Rh7+ Kg8 32. Rh8+ Kxh8 33. Bxf6+ Kg8 34. h7# 1-0

[Event "Wiesbaden op 29th"]
[Site "Wiesbaden"]
[Date "2017.08.27"]
[Round "6"]
[White "Zeyen, Helmut"]
[Black "Herrmann, Gerhard"]
[Result "1-0"]
[WhiteElo "1781"]
[BlackElo "1293"]
[PlyCount "37"]
[EventDate "2017.08.24"]
[EventType "swiss"]
[EventRounds "7"]
[EventCountry "GER"]
[SourceTitle "CBM 180 Extra"]
[Source "ChessBase"]
[SourceDate "2017.10.06"]
[SourceVersion "1"]
[SourceVersionDate "2017.10.06"]
[SourceQuality "1"]

1. e4 d5 2. exd5 Nf6 3. Bb5+ c6 4. dxc6 Nxc6 5. Bxc6+ bxc6 6. Qf3 Bb7 7. Nc3 e6 8. d3 h6 9. Be3 Bb4 10. Nge2 0-0 11. 0-0 Qc7 12. Ne4 Nxe4 13. dxe4 Bd6 14. Bf4 e5 15. Bd2 c5 16. Ng3 c4 17. Nf5 Bc5 18. Bxh6 gxh6 19. Qg4+ 1-0